Kpop Idols List - Statistics

General Stats
  • This quiz has been taken 8,350 times
    1,205 since last reset
  • The average score is 178 of 499
Answer Stats
Hint Answer % Correct
STAYC J
99%
SEVENTEEN JUN
95%
BTS JUNGKOOK
93%
BTS V
93%
izna JEEMIN
92%
BLACKPINK JENNIE
92%
BLACKPINK JISOO
92%
BLACKPINK LISA
92%
BLACKPINK ROSÉ
92%
BTS JIMIN
91%
BTS JIN
91%
BTS RM
90%
BTS J-HOPE
89%
BTS SUGA
89%
Stray Kids I.N
86%
ATEEZ SAN
86%
EXO CHEN
85%
Hearts2Hearts A-NA
84%
iKON CHAN
83%
Stray Kids HAN
83%
Stray Kids FELIX
82%
TXT HUENINGKAI
82%
Stray Kids BANG CHAN
81%
aespa KARINA
81%
aespa WINTER
81%
TWICE MOMO
80%
Hearts2Hearts YE-ON
80%
WINNER YOON
80%
TWICE NAYEON
79%
STAYC YOON
79%
KATSEYE MANON
78%
aespa GISELLE
77%
EXO KAI
77%
aespa NINGNING
77%
Stray Kids HYUNJIN
76%
ENHYPEN | iKON JAY
76%
KATSEYE LARA
76%
LE SSERAFIM SAKURA
76%
IVE WONYOUNG
76%
LE SSERAFIM CHAEWON
75%
ENHYPEN JAKE
75%
TWICE MINA
75%
TWICE SANA
75%
TWICE TZUYU
75%
SNSD YOONA
75%
Stray Kids CHANGBIN
74%
KATSEYE DANIELA
74%
TWICE JIHYO
74%
ENHYPEN NI-KI
74%
ITZY YUNA
74%
BIGBANG G-DRAGON
73%
Stray Kids LEE KNOW
73%
KATSEYE MEGAN
73%
KATSEYE SOPHIA
73%
LE SSERAFIM YUNJIN
73%
Stray Kids SEUNGMIN
72%
WJSN SOOBIN
72%
SUPER JUNIOR SUNGMIN
72%
KATSEYE YOONCHAE
72%
LE SSERAFIM KAZUHA
71%
NMIXX LILY
71%
TXT SOOBIN
71%
ITZY YEJI
71%
TXT YEONJUN
71%
TWICE | fromis_9 CHAEYOUNG
70%
TWICE DAHYUN
70%
LE SSERAFIM EUNCHAE
70%
Red Velvet IRENE
70%
CORTIS MARTIN
70%
BOYNEXTDOOR SUNGHO
70%
ENHYPEN SUNOO
70%
THE BOYZ SUNWOO
70%
GOT7 MARK
69%
NMIXX BAE
68%
WINNER HOONY
68%
ITZY LIA
68%
ENHYPEN SUNGHOON
68%
TXT TAEHYUN
68%
IVE YUJIN
68%
TXT BEOMGYU
67%
ENHYPEN JUNGWON
67%
Kep1er YUJIN
67%
TWICE JEONGYEON
66%
ITZY RYUJIN
66%
Red Velvet WENDY
66%
CORTIS JAMES
65%
i-dle MINNIE
65%
IVE LIZ
64%
ILLIT WONHEE
64%
Hearts2Hearts | KARD | NMIXX JIWOO
63%
IVE REI
63%
Red Velvet SEULGI
63%
MAMAMOO HWASA
62%
Red Velvet JOY
62%
i-dle YUQI
62%
ITZY CHAERYEONG
61%
EXO D.O.
61%
i-dle SOYEON
61%
ALLDAY PROJECT TARZZAN
61%
BABYMONSTER AHYEON
60%
BABYMONSTER ASA
60%
P1Harmony KEEHO
60%
ILLIT MOKA
59%
SEVENTEEN DINO
58%
IVE GAEUL
57%
SEVENTEEN HOSHI
57%
ILLIT IROHA
57%
i-dle MIYEON
57%
SEVENTEEN S.COUPS
57%
i-dle SHUHUA
57%
SEVENTEEN THE 8
57%
SEVENTEEN VERNON
57%
BABYMONSTER CHIQUITA
56%
SEVENTEEN | iKON DK
56%
SEVENTEEN MINGYU
56%
2PM | ATEEZ WOOYOUNG
56%
SEVENTEEN WOOZI
56%
IVE LEESEO
55%
SHINee TAEMIN
55%
Red Velvet YERI
55%
NMIXX HAEWON
54%
BOYNEXTDOOR | NCT 127 JAEHYUN
54%
SEVENTEEN JOSHUA
54%
ATEEZ MINGI
54%
KISS OF LIFE NATTY
54%
NMIXX SULLYOON
53%
SF9 TAE YANG
53%
BIGBANG TAEYANG
53%
SEVENTEEN SEUNGKWAN
52%
WAYV TEN
52%
ALLDAY PROJECT ANNIE
51%
GOT7 JACKSON
51%
KISS OF LIFE JULIE
51%
ILLIT MINJU
51%
BABYMONSTER PHARITA
51%
BABYMONSTER RAMI
51%
TVXQ U-KNOW
51%
KISS OF LIFE BELLE
50%
CORTIS KEONHO
50%
P1Harmony SOUL
50%
ILLIT YUNAH
50%
ATEEZ YUNHO
50%
ALLDAY PROJECT BAILEY
49%
ATEEZ HONGJOONG
49%
WINNER MINO
49%
BABYMONSTER RUKA
49%
SEVENTEEN WONWOO
49%
SF9 ZU HO
49%
ASTRO EUNWOO
48%
NCT 127 TAEYONG
48%
NCT 127 JOHNNY
47%
CORTIS JUHOON
47%
NMIXX KYUJIN
47%
WJSN SEOLA
47%
ATEEZ SEONGHWA
47%
EXO BAEKHYUN
46%
GOT7 BAMBAM
46%
BIGBANG DAESUNG
46%
SEVENTEEN JEONGHAN
46%
Dreamcatcher JIU
46%
ATEEZ JONGHO
46%
LNGSHOT LOUIS
46%
SHINee MINHO
46%
ASTRO MOON BIN
46%
MAMAMOO SOLAR
46%
ATEEZ YEOSANG
46%
P1Harmony INTAK
45%
SHINee KEY
45%
BABYMONSTER RORA
45%
NCT 127, DREAM HAECHAN
44%
NCT DREAM JAEMIN
44%
NCT DREAM JISUNG
44%
CORTIS | IDID SEONGHYEON
44%
P1Harmony JONGSEOB
43%
2NE1 CL
42%
ZEROBASEONE MATTHEW
42%
MAMAMOO MOON BYUL
42%
RIIZE SHOTARO
42%
P1Harmony THEO
42%
WAYV WINWIN
42%
NCT 127 YUTA
42%
RIIZE ANTON
41%
NCT DREAM CHENLE
41%
NCT 127 | TREASURE DOYOUNG
41%
ZEROBASEONE HANBIN
41%
NCT DREAM JENO
41%
P1Harmony JIUNG
41%
NCT 127 JUNGWOO
41%
MEOVV ELLA
40%
IDID | RIIZE WONBIN
40%
ALLDAY PROJECT YOUNGSEO
40%
XG COCONA
39%
KISS OF LIFE HANEUL
39%
MONSTA X I.M
39%
NCT DREAM RENJUN
39%
EXO SUHO
39%
SNSD TAEYEON
39%
ALLDAY PROJECT WOOCHAN
39%
2NE1 BOM
38%
EXO SEHUN
38%
WAYV XIAOJUN
38%
WAYV YANGYANG
38%
MEOVV ANNA
37%
EXO CHANYEOL
37%
WAYV HENDERY
37%
SHINee JONGHYUN
37%
WAYV KUN
37%
Hearts2Hearts STELLA
37%
RIIZE SUNGCHAN
37%
LNGSHOT WOOJIN
37%
EXO XIUMIN
37%
KARD BM
36%
Kep1er HUENING BAHIYYIH
36%
BOYNEXTDOOR LEEHAN
36%
MAMAMOO WHEE IN
36%
ONEUS XION
36%
ZEROBASEONE GUNWOOK
35%
PENTAGON JINHO
35%
EXO LAY
35%
SHINee ONEW
35%
NCT WISH SAKUYA
35%
Hearts2Hearts CARMEN
34%
THE BOYZ ERIC
34%
LNGSHOT OHYUL
34%
NCT WISH RIKU
34%
NCT WISH SION
34%
RIIZE SOHEE
34%
ZEROBASEONE JIWOONG
33%
THE BOYZ Q
33%
BOYNEXTDOOR RIWOO
33%
LNGSHOT RYUL
33%
ZEROBASEONE TAERAE
33%
Hearts2Hearts IAN
32%
BOYNEXTDOOR TAESAN
32%
SNSD TIFFANY
32%
NCT WISH YUSHI
32%
TREASURE | TWS JIHOON
31%
NCT WISH RYO
31%
STAYC ISA
30%
BOYNEXTDOOR WOONHAK
30%
iKON BOBBY
29%
NCT WISH JAEHEE
29%
xikers SUMIN
29%
GOT7 | TWS YOUNGJAE
29%
f(x) AMBER
28%
WJSN EUNSEO
28%
RIIZE EUNSEOK
28%
GOT7 JAY B
28%
STAYC | xikers SEEUN
28%
STAYC SUMIN
28%
SNSD SUNNY
28%
f(x) KRYSTAL
27%
Kep1er XIAOTING
27%
XG HARVEY
26%
GOT7 JINYOUNG
26%
THE BOYZ KEVIN
26%
ALPHA DRIVE ONE LEO
26%
SNSD YURI
26%
TREASURE HARUTO
25%
BTOB | MONSTA X MINHYUK
25%
STAYC SIEUN
25%
2NE1 DARA
24%
MEOVV GAWON
24%
SNSD HYOYEON
24%
2PM JUN. K
24%
RESCENE MAY
24%
TREASURE YOSHI
24%
TWS DOHOON
23%
2PM JUNHO
23%
ASTRO MJ
23%
GOT7 YUGYEOM
23%
Kep1er HIKARU
22%
MONSTA X JOOHONEY
22%
Hearts2Hearts JUUN
22%
KickFlip MINJE
22%
MEOVV NARIN
22%
ALPHA DRIVE ONE SANGWON
22%
MEOVV SOOIN
22%
GFriend YUJU
22%
TREASURE ASAHI
21%
Dreamcatcher DAMI
21%
Kep1er DAYEON
21%
GFriend EUNHA
21%
SUPER JUNIOR HEECHUL
21%
XG JURIN
21%
KiiiKiii KYA
21%
TWS KYUNGMIN
21%
THE BOYZ NEW
21%
SUPER JUNIOR SHINDONG
21%
TWS SHINYU
21%
MONSTA X SHOWNU
21%
GFriend SINB
21%
Hearts2Hearts YUHA
21%
THE BOYZ JACOB
20%
TVXQ MAX CHANGMIN
20%
XG MAYA
20%
ALPHA DRIVE ONE SANGHYEON
20%
ASTRO SANHA
20%
SNSD SOOYOUNG
20%
GFriend UMJI
20%
Kep1er CHAEHYUN
19%
FIFTY FIFTY CHANELLE
19%
XG HINATA
19%
MONSTA X HYUNGWON
19%
TREASURE HYUNSUK
19%
2NE1 MINZY
19%
BTOB PENIEL
19%
2PM TAECYEON
19%
DAY6 WONPIL
19%
OH MY GIRL ARIN
18%
GIRLSET CAMILA
18%
ARTMS CHOERRY
18%
ARTMS HEEJIN
18%
PENTAGON HUI
18%
KiiiKiii JIYU
18%
KARD J.SEPH
18%
XG JURIA
18%
THE BOYZ JUYEON
18%
GIRLSET LEXI
18%
SNSD SEOHYUN
18%
CRAVITY SEONGMIN
18%
SUPER JUNIOR SIWON
18%
KARD SOMIN
18%
DAY6 YOUNG K
18%
ASTRO JINJIN
17%
MONSTA X KIHYUN
17%
ARTMS KIM LIP
17%
f(x) LUNA
17%
GIRLSET SAVANNA
17%
iKON SONG
17%
Dreamcatcher SUA
17%
f(x) VICTORIA
17%
ALPHA DRIVE ONE ANXIN
16%
XG CHISA
16%
ARTMS HASEUL
16%
THE BOYZ HYUNJAE
16%
fromis_9 JIWON
16%
GIRLSET KENDALL
16%
izna KOKO
16%
SUPER JUNIOR LEETEUK
16%
izna MAI
16%
APINK NAMJOO
16%
THE BOYZ YOUNGHOON
16%
WJSN DAYOUNG
15%
ALPHA DRIVE ONE GEONWOO
15%
TWS HANJIN
15%
KiiiKiii HAUM
15%
APINK | fromis_9 HAYOUNG
15%
TREASURE JEONGWOO
15%
ARTMS JINSOUL
15%
iKON JU-NE
15%
TREASURE JUNKYU
15%
KiiiKiii LEESOL
15%
IDID | xikers MINJAE
15%
GFriend SOWON
15%
GFriend YERIN
15%
ALPHA DRIVE ONE ARNO
14%
BTOB EUNKWANG
14%
xikers HUNTER
14%
TREASURE JAEHYUK
14%
TREASURE JUNGHWAN
14%
ALPHA DRIVE ONE JUNSEO
14%
THE BOYZ SANGYEON
14%
Dreamcatcher SIYEON
14%
CRAVITY TAEYOUNG
14%
ALPHA DRIVE ONE XINLONG
14%
BTOB CHANGSUB
13%
SUPER JUNIOR EUNHYUK
13%
KARA HARA
13%
WINNER JINU
13%
SUPER JUNIOR KYUHYUN
13%
izna SARANG
13%
KiiiKiii SUI
13%
OH MY GIRL YOOA
13%
APINK BOMI
12%
SUPER JUNIOR DONGHAE
12%
DAY6 DOWOON
12%
APINK EUNJI
12%
Dreamcatcher GAHYUN
12%
SAY MY NAME HITOMI
12%
OH MY GIRL MIMI
12%
BTOB SUNGJAE
12%
Dreamcatcher HANDONG
11%
fromis_9 JIHEON
11%
2PM NICHKHUN
11%
SUPER JUNIOR RYEOWOOK
11%
izna SAEBI
11%
DAY6 SUNGJIN
11%
SUPER JUNIOR YESUNG
11%
Dreamcatcher YOOHYEON
11%
CRAVITY ALLEN
10%
FIFTY FIFTY ATHENA
10%
WJSN BONA
10%
SF9 CHA NI
10%
BTOB HYUNSIK
10%
izna JUNGEUN
10%
PENTAGON KINO
10%
KickFlip KYEHOON
10%
Baby DONT Cry MIA
10%
CRAVITY MINHEE
10%
fromis_9 NAGYUNG
10%
OH MY GIRL SEUNGHEE
10%
xikers YECHAN
10%
KickFlip AMARU
9%
2PM CHANSUNG
9%
Apink CHORONG
9%
SF9 DA WON
9%
WJSN DAWON
9%
KARA GYURI
9%
FIFTY FIFTY KEENA
9%
KickFlip KEIJU
9%
CRAVITY SERIM
9%
CRAVITY WOOBIN
9%
PENTAGON WOOSEOK
9%
KickFlip DONGHWA
8%
KickFlip DONGHYEON
8%
WJSN EXY
8%
xikers HYUNWOO
8%
SAY MY NAME MEI
8%
CRAVITY WONJIN
8%
PENTAGON YUTO
8%
PLAVE BAMBY
7%
PENTAGON HONGSEOK
7%
ONEUS HWANWOONG
7%
SF9 HWI YOUNG
7%
CRAVITY HYEONGJUN
7%
OH MY GIRL HYOJUNG
7%
SF9 JAE YOON
7%
xikers JINSIK
7%
KARA JIYOUNG
7%
xikers JUNGHOON
7%
CRAVITY JUNGMO
7%
xikers JUNMIN
7%
KickFlip JUWANG
7%
ONEUS LEEDO
7%
PENTAGON YANAN
7%
WJSN YEONJUNG
7%
PENTAGON YEOONE
7%
OH MY GIRL YUBIN
7%
xikers YUJUN
7%
FIFTY FIFTY HANA
6%
SF9 IN SEONG
6%
RESCENE LIV
6%
WJSN LUDA
6%
PENTAGON SHINWON
6%
RESCENE WONI
6%
SF9 YOUNG BIN
6%
PLAVE EUNHO
5%
ONEUS KEONHEE
5%
RESCENE MINAMI
5%
KARA NICOLE
5%
PLAVE NOAH
5%
ONEUS SEOHO
5%
KARA SEUNGYEON
5%
H1-KEY YEL
5%
WJSN YEOREUM
5%
FIFTY FIFTY YEWON
5%
KARA YOUNGJI
5%
Baby DONT Cry BENI
4%
PLAVE HAMIN
4%
H1-KEY HWISEO
4%
SAY MY NAME KANNY
4%
Baby DONT Cry KUMI
4%
H1-KEY RIINA
4%
SAY MY NAME SEUNGJOO
4%
PLAVE YEJUN
4%
IDID YONGHOON
4%
RESCENE ZENA
4%
SAY MY NAME DOHEE
3%
KIIRAS DOYEON
3%
KIIRAS HARIN
3%
SAY MY NAME JUNHWI
3%
IDID JUNHYUK
3%
KIIRAS LINGLING
3%
IDID SEMIN
3%
H1-KEY SEOI
3%
SAY MY NAME SHUIE
3%
SAY MY NAME SOHA
3%
Baby DONT Cry YIHYUN
3%
IDID YOOCHAN
3%
KIIRAS KURUMI
2%
KIIRAS KYLIE
2%
KIIRAS ROAH
2%
No matching quizzes found
Score Distribution
Percent of People with Each Score
Percentile by Number Answered
Your Score History
You have not taken this quiz since the last reset